[Event "Nicolo La Rosa op 18th"]
[Site "Mazara del Vallo"]
[Date "2010.08.22"]
[Round "9"]
[White "Castelli, Giovanni J"]
[Black "D'Amico, Filippo"]
[Result "0-1"]
[WhiteElo "1792"]
[BlackElo "1482"]
[PlyCount "84"]
[EventDate "2010.08.18"]
[EventType "swiss"]
[EventRounds "9"]
[EventCountry "ITA"]
[SourceTitle "EXT 2024"]
[Source "ChessBase"]
[SourceDate "2023.10.10"]
[SourceVersion "1"]
[SourceVersionDate "2023.10.10"]
[SourceQuality "1"]

1. e4 e6 2. d4 d5 3. Nd2 dxe4 4. Nxe4 Nf6 5. Nxf6+ Qxf6 6. Nf3 h6 7. Bd3 Bd6 8. Qe2 Nd7 9. c4 Bb4+ 10. Bd2 Bxd2+ 11. Qxd2 0-0 12. 0-0-0 c5 13. d5 exd5 14. cxd5 Nb6 15. Be2 Rd8 16. d6 Be6 17. Kb1 Nc8 18. Qe3 b6 19. Ne5 Nxd6 20. g4 Re8 21. Rxd6 Bxa2+ 22. Kxa2 Qxd6 23. f4 Qd5+ 24. Bc4 Qxh1 25. Bxf7+ Kf8 26. Bxe8 Qd5+ 27. Ka1 Kxe8 28. Ng6+ Kf7 29. Ne5+ Kg8 30. Ng6 Qd1+ 31. Ka2 Qxg4 32. Qe4 Rd8 33. Qc4+ Kh7 34. Ne7 Qd1 35. Qe4+ Kh8 36. Ng6+ Kg8 37. Qe6+ Kh7 38. Qe4 Qd5+ 39. Qxd5 Rxd5 40. Ne7 Rh5 41. Nc6 Rxh2 42. Nxa7 Re2 0-1

[Event "Nicolo La Rosa op 18th"]
[Site "Mazara del Vallo"]
[Date "2010.08.18"]
[Round "2"]
[White "Savalla, Gianluca"]
[Black "D'Amico, Filippo"]
[Result "0-1"]
[WhiteElo "1362"]
[BlackElo "1482"]
[PlyCount "80"]
[EventDate "2010.08.18"]
[EventType "swiss"]
[EventRounds "9"]
[EventCountry "ITA"]
[SourceTitle "EXT 2024"]
[Source "ChessBase"]
[SourceDate "2023.10.10"]
[SourceVersion "1"]
[SourceVersionDate "2023.10.10"]
[SourceQuality "1"]

1. e4 e6 2. d4 d5 3. exd5 exd5 4. Nf3 Nf6 5. Be2 Bd6 6. Nc3 Bg4 7. Bg5 c6 8. 0-0 0-0 9. Re1 Nbd7 10. a3 Qc7 11. h3 Bf5 12. Bd3 Bxd3 13. Qxd3 Rfe8 14. Re2 h6 15. Bd2 Rxe2 16. Qxe2 Re8 17. Qd3 Qb6 18. b4 Qc7 19. Re1 Rxe1+ 20. Bxe1 Nb6 21. Nb1 Qe7 22. c3 Nc4 23. Qf5 Qe6 24. Qxe6 fxe6 25. a4 b6 26. Nbd2 Nb2 27. a5 bxa5 28. bxa5 Bc7 29. a6 Na4 30. Nb1 Nd7 31. Na3 Nb8 32. Ne5 Bxe5 33. dxe5 Nxa6 34. Kf1 Nb6 35. Bd2 Nc5 36. Nc2 Nbd7 37. Be3 Na4 38. Bxa7 c5 39. Ne1 Nxc3 40. g3 Nxe5 0-1

[Event "Nicolo La Rosa op 17th"]
[Site "Mazara del Vallo"]
[Date "2009.08.07"]
[Round "2"]
[White "Fiorella, Loreto"]
[Black "D'Amico, Filippo"]
[Result "1-0"]
[WhiteElo "1583"]
[BlackElo "1416"]
[PlyCount "73"]
[EventDate "2009.08.07"]
[EventType "swiss"]
[EventRounds "6"]
[EventCountry "ITA"]
[SourceTitle "EXT 2011"]
[Source "ChessBase"]
[SourceDate "2010.11.26"]
[SourceVersion "1"]
[SourceVersionDate "2010.11.26"]
[SourceQuality "1"]

1. f4 d5 2. Nf3 Nf6 3. e3 g6 4. b4 e6 5. a3 Bg7 6. Bb2 0-0 7. Nc3 Ne4 8. Ne5 Qh4+ 9. Ke2 Bxe5 10. fxe5 Ng3+ 11. hxg3 Qxh1 12. Kd3 c6 13. Qf3 Qh6 14. g4 Nd7 15. Ne2 Qg5 16. Qg3 b6 17. Nf4 Nxe5+ 18. Kc3 Qxg4 19. Qf2 g5 20. Be2 Qf5 21. Qg3 Kh8 22. Nh5 Nd7 23. Rf1 Qg6 24. Rh1 Kg8 25. Bd3 f5 26. Kb3 c5 27. Ka2 c4 28. Be2 Ba6 29. e4 f4 30. Qc3 Kf7 31. Nxf4 Qf6 32. Rxh7+ Ke8 33. Bh5+ Kd8 34. Qh3 Qxf4 35. Qxe6 Qc7 36. Bg4 Bc8 37. Qe7# 1-0